[Event "Bergamo Province-ch"]
[Site "Bergamo"]
[Date "2004.11.26"]
[Round "8"]
[White "Citerio, Fabio"]
[Black "Paulicelli, Domenico"]
[Result "1-0"]
[WhiteElo "1783"]
[BlackElo "1580"]
[PlyCount "101"]
[EventDate "2004.10.08"]
[EventType "swiss"]
[EventRounds "8"]
[EventCountry "ITA"]
[SourceTitle "EXT 2023"]
[Source "ChessBase"]
[SourceDate "2022.10.05"]
[SourceVersion "1"]
[SourceVersionDate "2022.10.05"]
[SourceQuality "1"]

1. d4 Nf6 2. Nc3 e6 3. e4 Bb4 4. Bd3 Nc6 5. Nge2 d5 6. e5 Ne4 7. 0-0 Nxc3 8. bxc3 Be7 9. Ng3 Kd7 10. Rb1 a6 11. f4 g6 12. Be3 b5 13. a4 b4 14. c4 Ke8 15. cxd5 exd5 16. f5 Bg5 17. Qf3 Bxe3+ 18. Qxe3 Qh4 19. Rf4 Qe7 20. Qf3 g5 21. Qxd5 gxf4 22. Qxc6+ Qd7 23. Qxa8 fxg3 24. hxg3 Qxd4+ 25. Kf1 Kd7 26. Re1 Rd8 27. f6 Ke8 28. Qc6+ Qd7 29. Qe4 Qg4 30. Qxh7 Be6 31. Bxa6 c6 32. Be2 Qxg3 33. Bf3 Bc4+ 34. Be2 Qf4+ 35. Kg1 Bxe2 36. Qg8+ Kd7 37. Qxf7+ Kc8 38. Qe6+ Kc7 39. Qe7+ Kc8 40. Qc5 Qc4 41. Qxc4 Bxc4 42. Re4 Bd5 43. Rxb4 Kc7 44. Kf2 Re8 45. Rf4 Kd7 46. c4 Be6 47. g4 Bf7 48. Re4 Ke6 49. Kf3 c5 50. Kf4 Bg6 51. Re3 1-0